000 00987cad a2200289 4500
001 L156455
008 120523n2012 000 0 eng u
035 _a(Sirsi) u156455
041 0 _aeng
110 _aNational House Building Council
240 _aNHBC
245 _aNHBC new homes statistics review Q1 2012
_h[electronic resource]
260 _aMilton Keynes
_bNHBC
_c2012
490 0 _aNew Homes Statistics Review
_vMarch 2012
520 _aNew homes figures reveal continuing public/private sector divide.
590 _aKA NTK
650 _aNEW HOMES
650 _aSTATISTICS
650 _aHOUSING MARKET
650 0 _aBUILDING REGULATIONS
_96224
650 _aBUILDING CONTROL
_96222
651 4 _aUnited Kingdom
_y
690 _aConstruction management
_96230
690 _aResidential property
_96266
856 4 0 _uhttps://www.nhbc.co.uk/NewsandComment/Documents/filedownload,46917,en.pdf
_zView the statistics review (pdf) here at www.nhbc.co.uk
942 _n0
999 _c114259
_d114259